The Handbook of innovation and services : a multi - disciplinary perspective.
| Format: | Book |
|---|---|
| Published: |
Cheltenham, UK,:
Edward Elgar,
2010.
|
| Subjects: |
| LEADER | 00515cam a2200145 7i4500 | ||
|---|---|---|---|
| 001 | 0000027571 | ||
| 005 | 20120416090000.0 | ||
| 020 | 0 | 0 | |a 9781847205049 |
| 090 | 0 | 0 | |a B 338.064 |b HAN |
| 245 | 0 | 4 | |a The Handbook of innovation and services : |b a multi - disciplinary perspective. |
| 260 | 0 | 0 | |a Cheltenham, UK,: |b Edward Elgar, |c 2010. |
| 300 | # | # | |a 800. |
| 650 | 0 | 0 | |a Technological innovations -- |x Economic aspects |
| 650 | 0 | 0 | |a Service industries -- |x Technological innovations |
| 999 | |a B000030223 |b Book |c Book |e Business Information Centre | ||


